Entre écrire (Poémes et chansons 1962-1982)

Збережено в:
Бібліографічні деталі
Автор: Lelivre, Sylvain
Формат: Книга
Мова:Undetermined
Опубліковано: Montreal, Canadá Nouvelles Éditions de L´Arc 1982
Предмети:
Теги: Додати тег
Немає тегів, Будьте першим, хто поставить тег для цього запису!

MARC

LEADER 00000nam a2200000Ia 4500
008 170316s9999 xx 000 0 und d
040 |a cru BVZT 
090 |a 818 L-16e 
100 |a Lelivre, Sylvain 
245 |a Entre écrire (Poémes et chansons 1962-1982) 
260 |a Montreal, Canadá 
260 |b Nouvelles Éditions de L´Arc 
260 |c 1982 
300 |a 252 páginas 
650 |a LITERATURA CANADIENSE 
942 |c 15 D 
999 |c 6512  |d 6512